<?xml version="1.0" encoding="UTF-8"?>
<record
    xmlns:xsi="http://www.w3.org/2001/XMLSchema-instance"
    xsi:schemaLocation="http://www.loc.gov/MARC21/slim http://www.loc.gov/standards/marcxml/schema/MARC21slim.xsd"
    xmlns="http://www.loc.gov/MARC21/slim">

  <leader>00463nam a2200169   4500</leader>
  <controlfield tag="003">SEACOMEC</controlfield>
  <controlfield tag="005">20250418125929.0</controlfield>
  <controlfield tag="008">250418b        |||||||| |||| 00| 0 eng d</controlfield>
  <datafield tag="020" ind1=" " ind2=" ">
    <subfield code="a">978-0136354260</subfield>
    <subfield code="c">460.00</subfield>
  </datafield>
  <datafield tag="040" ind1=" " ind2=" ">
    <subfield code="a">SEACOMEC</subfield>
  </datafield>
  <datafield tag="082" ind1=" " ind2=" ">
    <subfield code="a">621.38275</subfield>
    <subfield code="b">S477</subfield>
  </datafield>
  <datafield tag="100" ind1=" " ind2=" ">
    <subfield code="a">John M. Senior </subfield>
  </datafield>
  <datafield tag="245" ind1=" " ind2=" ">
    <subfield code="a">Optical Fiber Communications : Principles and Practice /</subfield>
    <subfield code="c">John M. Senior </subfield>
  </datafield>
  <datafield tag="250" ind1=" " ind2=" ">
    <subfield code="a">2nd ed</subfield>
  </datafield>
  <datafield tag="260" ind1=" " ind2=" ">
    <subfield code="a">New Delhi :</subfield>
    <subfield code="b">Pearson, </subfield>
    <subfield code="c">1992</subfield>
  </datafield>
  <datafield tag="942" ind1=" " ind2=" ">
    <subfield code="c">BOOK</subfield>
  </datafield>
  <datafield tag="952" ind1=" " ind2=" ">
    <subfield code="0">0</subfield>
    <subfield code="1">0</subfield>
    <subfield code="2">ddc</subfield>
    <subfield code="4">0</subfield>
    <subfield code="7">0</subfield>
    <subfield code="a">SEACOMEC</subfield>
    <subfield code="b">SEACOMEC</subfield>
    <subfield code="d">2010-03-26</subfield>
    <subfield code="l">0</subfield>
    <subfield code="o">621.38275 S477</subfield>
    <subfield code="p">16286</subfield>
    <subfield code="r">2025-04-18 12:59:51</subfield>
    <subfield code="w">2025-04-18</subfield>
    <subfield code="y">REF</subfield>
  </datafield>
  <datafield tag="952" ind1=" " ind2=" ">
    <subfield code="0">0</subfield>
    <subfield code="1">0</subfield>
    <subfield code="2">ddc</subfield>
    <subfield code="4">0</subfield>
    <subfield code="7">0</subfield>
    <subfield code="a">SEACOMEC</subfield>
    <subfield code="b">SEACOMEC</subfield>
    <subfield code="d">2010-03-26</subfield>
    <subfield code="l">0</subfield>
    <subfield code="o">621.38275 S477</subfield>
    <subfield code="p">16287</subfield>
    <subfield code="r">2025-04-18 12:59:51</subfield>
    <subfield code="t">1</subfield>
    <subfield code="w">2025-04-18</subfield>
    <subfield code="y">BOOK</subfield>
  </datafield>
  <datafield tag="952" ind1=" " ind2=" ">
    <subfield code="0">0</subfield>
    <subfield code="1">0</subfield>
    <subfield code="2">ddc</subfield>
    <subfield code="4">0</subfield>
    <subfield code="7">0</subfield>
    <subfield code="a">SEACOMEC</subfield>
    <subfield code="b">SEACOMEC</subfield>
    <subfield code="d">2010-03-26</subfield>
    <subfield code="l">0</subfield>
    <subfield code="o">621.38275 S477</subfield>
    <subfield code="p">16288</subfield>
    <subfield code="r">2025-04-18 12:59:51</subfield>
    <subfield code="t">2</subfield>
    <subfield code="w">2025-04-18</subfield>
    <subfield code="y">BOOK</subfield>
  </datafield>
  <datafield tag="952" ind1=" " ind2=" ">
    <subfield code="0">0</subfield>
    <subfield code="1">0</subfield>
    <subfield code="2">ddc</subfield>
    <subfield code="4">0</subfield>
    <subfield code="7">0</subfield>
    <subfield code="a">SEACOMEC</subfield>
    <subfield code="b">SEACOMEC</subfield>
    <subfield code="d">2010-03-26</subfield>
    <subfield code="l">0</subfield>
    <subfield code="o">621.38275 S477</subfield>
    <subfield code="p">16289</subfield>
    <subfield code="r">2025-04-18 12:59:51</subfield>
    <subfield code="t">3</subfield>
    <subfield code="w">2025-04-18</subfield>
    <subfield code="y">BOOK</subfield>
  </datafield>
  <datafield tag="952" ind1=" " ind2=" ">
    <subfield code="0">0</subfield>
    <subfield code="1">0</subfield>
    <subfield code="2">ddc</subfield>
    <subfield code="4">0</subfield>
    <subfield code="7">0</subfield>
    <subfield code="a">SEACOMEC</subfield>
    <subfield code="b">SEACOMEC</subfield>
    <subfield code="d">2010-03-26</subfield>
    <subfield code="l">0</subfield>
    <subfield code="o">621.38275 S477</subfield>
    <subfield code="p">16290</subfield>
    <subfield code="r">2025-04-18 12:59:51</subfield>
    <subfield code="t">4</subfield>
    <subfield code="w">2025-04-18</subfield>
    <subfield code="y">BOOK</subfield>
  </datafield>
  <datafield tag="952" ind1=" " ind2=" ">
    <subfield code="0">0</subfield>
    <subfield code="1">0</subfield>
    <subfield code="2">ddc</subfield>
    <subfield code="4">0</subfield>
    <subfield code="7">0</subfield>
    <subfield code="a">SEACOMEC</subfield>
    <subfield code="b">SEACOMEC</subfield>
    <subfield code="d">2010-03-26</subfield>
    <subfield code="l">0</subfield>
    <subfield code="o">621.38275 S477</subfield>
    <subfield code="p">16291</subfield>
    <subfield code="r">2025-04-18 12:59:51</subfield>
    <subfield code="t">5</subfield>
    <subfield code="w">2025-04-18</subfield>
    <subfield code="y">BOOK</subfield>
  </datafield>
  <datafield tag="952" ind1=" " ind2=" ">
    <subfield code="0">0</subfield>
    <subfield code="1">0</subfield>
    <subfield code="2">ddc</subfield>
    <subfield code="4">0</subfield>
    <subfield code="7">0</subfield>
    <subfield code="a">SEACOMEC</subfield>
    <subfield code="b">SEACOMEC</subfield>
    <subfield code="d">2010-03-26</subfield>
    <subfield code="l">0</subfield>
    <subfield code="o">621.38275 S477</subfield>
    <subfield code="p">16292</subfield>
    <subfield code="r">2025-04-18 12:59:51</subfield>
    <subfield code="t">6</subfield>
    <subfield code="w">2025-04-18</subfield>
    <subfield code="y">BOOK</subfield>
  </datafield>
  <datafield tag="952" ind1=" " ind2=" ">
    <subfield code="0">0</subfield>
    <subfield code="1">0</subfield>
    <subfield code="2">ddc</subfield>
    <subfield code="4">0</subfield>
    <subfield code="7">0</subfield>
    <subfield code="a">SEACOMEC</subfield>
    <subfield code="b">SEACOMEC</subfield>
    <subfield code="d">2010-03-26</subfield>
    <subfield code="l">0</subfield>
    <subfield code="o">621.38275 S477</subfield>
    <subfield code="p">16293</subfield>
    <subfield code="r">2025-04-18 12:59:51</subfield>
    <subfield code="t">7</subfield>
    <subfield code="w">2025-04-18</subfield>
    <subfield code="y">BOOK</subfield>
  </datafield>
  <datafield tag="952" ind1=" " ind2=" ">
    <subfield code="0">0</subfield>
    <subfield code="1">0</subfield>
    <subfield code="2">ddc</subfield>
    <subfield code="4">0</subfield>
    <subfield code="7">0</subfield>
    <subfield code="a">SEACOMEC</subfield>
    <subfield code="b">SEACOMEC</subfield>
    <subfield code="d">2010-03-26</subfield>
    <subfield code="l">0</subfield>
    <subfield code="o">621.38275 S477</subfield>
    <subfield code="p">16294</subfield>
    <subfield code="r">2025-04-18 12:59:51</subfield>
    <subfield code="t">8</subfield>
    <subfield code="w">2025-04-18</subfield>
    <subfield code="y">BOOK</subfield>
  </datafield>
  <datafield tag="952" ind1=" " ind2=" ">
    <subfield code="0">0</subfield>
    <subfield code="1">0</subfield>
    <subfield code="2">ddc</subfield>
    <subfield code="4">0</subfield>
    <subfield code="7">0</subfield>
    <subfield code="a">SEACOMEC</subfield>
    <subfield code="b">SEACOMEC</subfield>
    <subfield code="d">2010-03-26</subfield>
    <subfield code="l">0</subfield>
    <subfield code="o">621.38275 S477</subfield>
    <subfield code="p">16295</subfield>
    <subfield code="r">2025-04-18 12:59:51</subfield>
    <subfield code="t">9</subfield>
    <subfield code="w">2025-04-18</subfield>
    <subfield code="y">BOOK</subfield>
  </datafield>
  <datafield tag="952" ind1=" " ind2=" ">
    <subfield code="0">0</subfield>
    <subfield code="1">0</subfield>
    <subfield code="2">ddc</subfield>
    <subfield code="4">0</subfield>
    <subfield code="7">0</subfield>
    <subfield code="a">SEACOMEC</subfield>
    <subfield code="b">SEACOMEC</subfield>
    <subfield code="d">2010-03-26</subfield>
    <subfield code="l">0</subfield>
    <subfield code="o">621.38275 S477</subfield>
    <subfield code="p">16296</subfield>
    <subfield code="r">2025-04-18 12:59:51</subfield>
    <subfield code="t">10</subfield>
    <subfield code="w">2025-04-18</subfield>
    <subfield code="y">BOOK</subfield>
  </datafield>
  <datafield tag="952" ind1=" " ind2=" ">
    <subfield code="0">0</subfield>
    <subfield code="1">0</subfield>
    <subfield code="2">ddc</subfield>
    <subfield code="4">0</subfield>
    <subfield code="7">0</subfield>
    <subfield code="a">SEACOMEC</subfield>
    <subfield code="b">SEACOMEC</subfield>
    <subfield code="d">2010-03-26</subfield>
    <subfield code="l">0</subfield>
    <subfield code="o">621.38275 S477</subfield>
    <subfield code="p">16297</subfield>
    <subfield code="r">2025-04-18 12:59:51</subfield>
    <subfield code="t">11</subfield>
    <subfield code="w">2025-04-18</subfield>
    <subfield code="y">BOOK</subfield>
  </datafield>
  <datafield tag="952" ind1=" " ind2=" ">
    <subfield code="0">0</subfield>
    <subfield code="1">0</subfield>
    <subfield code="2">ddc</subfield>
    <subfield code="4">0</subfield>
    <subfield code="7">0</subfield>
    <subfield code="a">SEACOMEC</subfield>
    <subfield code="b">SEACOMEC</subfield>
    <subfield code="d">2010-03-26</subfield>
    <subfield code="l">0</subfield>
    <subfield code="o">621.38275 S477</subfield>
    <subfield code="p">16298</subfield>
    <subfield code="r">2025-04-18 12:59:51</subfield>
    <subfield code="t">12</subfield>
    <subfield code="w">2025-04-18</subfield>
    <subfield code="y">BOOK</subfield>
  </datafield>
  <datafield tag="952" ind1=" " ind2=" ">
    <subfield code="0">0</subfield>
    <subfield code="1">0</subfield>
    <subfield code="2">ddc</subfield>
    <subfield code="4">0</subfield>
    <subfield code="7">0</subfield>
    <subfield code="a">SEACOMEC</subfield>
    <subfield code="b">SEACOMEC</subfield>
    <subfield code="d">2010-03-26</subfield>
    <subfield code="l">0</subfield>
    <subfield code="o">621.38275 S477</subfield>
    <subfield code="p">16299</subfield>
    <subfield code="r">2025-04-18 12:59:51</subfield>
    <subfield code="t">13</subfield>
    <subfield code="w">2025-04-18</subfield>
    <subfield code="y">BOOK</subfield>
  </datafield>
  <datafield tag="952" ind1=" " ind2=" ">
    <subfield code="0">0</subfield>
    <subfield code="1">0</subfield>
    <subfield code="2">ddc</subfield>
    <subfield code="4">0</subfield>
    <subfield code="7">0</subfield>
    <subfield code="a">SEACOMEC</subfield>
    <subfield code="b">SEACOMEC</subfield>
    <subfield code="d">2010-03-26</subfield>
    <subfield code="l">0</subfield>
    <subfield code="o">621.38275 S477</subfield>
    <subfield code="p">16300</subfield>
    <subfield code="r">2025-04-18 12:59:51</subfield>
    <subfield code="t">14</subfield>
    <subfield code="w">2025-04-18</subfield>
    <subfield code="y">BOOK</subfield>
  </datafield>
  <datafield tag="952" ind1=" " ind2=" ">
    <subfield code="0">0</subfield>
    <subfield code="1">0</subfield>
    <subfield code="2">ddc</subfield>
    <subfield code="4">0</subfield>
    <subfield code="7">0</subfield>
    <subfield code="a">SEACOMEC</subfield>
    <subfield code="b">SEACOMEC</subfield>
    <subfield code="d">2010-03-26</subfield>
    <subfield code="l">0</subfield>
    <subfield code="o">621.38275 S477</subfield>
    <subfield code="p">16301</subfield>
    <subfield code="r">2025-04-18 12:59:51</subfield>
    <subfield code="t">15</subfield>
    <subfield code="w">2025-04-18</subfield>
    <subfield code="y">BOOK</subfield>
  </datafield>
  <datafield tag="952" ind1=" " ind2=" ">
    <subfield code="0">0</subfield>
    <subfield code="1">0</subfield>
    <subfield code="2">ddc</subfield>
    <subfield code="4">0</subfield>
    <subfield code="7">0</subfield>
    <subfield code="a">SEACOMEC</subfield>
    <subfield code="b">SEACOMEC</subfield>
    <subfield code="d">2010-03-26</subfield>
    <subfield code="l">0</subfield>
    <subfield code="o">621.38275 S477</subfield>
    <subfield code="p">16302</subfield>
    <subfield code="r">2025-04-18 12:59:51</subfield>
    <subfield code="t">16</subfield>
    <subfield code="w">2025-04-18</subfield>
    <subfield code="y">BOOK</subfield>
  </datafield>
  <datafield tag="952" ind1=" " ind2=" ">
    <subfield code="0">0</subfield>
    <subfield code="1">0</subfield>
    <subfield code="2">ddc</subfield>
    <subfield code="4">0</subfield>
    <subfield code="7">0</subfield>
    <subfield code="a">SEACOMEC</subfield>
    <subfield code="b">SEACOMEC</subfield>
    <subfield code="d">2010-03-26</subfield>
    <subfield code="l">0</subfield>
    <subfield code="o">621.38275 S477</subfield>
    <subfield code="p">16303</subfield>
    <subfield code="r">2025-04-18 12:59:51</subfield>
    <subfield code="t">17</subfield>
    <subfield code="w">2025-04-18</subfield>
    <subfield code="y">BOOK</subfield>
  </datafield>
  <datafield tag="952" ind1=" " ind2=" ">
    <subfield code="0">0</subfield>
    <subfield code="1">0</subfield>
    <subfield code="2">ddc</subfield>
    <subfield code="4">0</subfield>
    <subfield code="7">0</subfield>
    <subfield code="a">SEACOMEC</subfield>
    <subfield code="b">SEACOMEC</subfield>
    <subfield code="d">2010-03-26</subfield>
    <subfield code="l">0</subfield>
    <subfield code="o">621.38275 S477</subfield>
    <subfield code="p">16304</subfield>
    <subfield code="r">2025-04-18 12:59:51</subfield>
    <subfield code="t">18</subfield>
    <subfield code="w">2025-04-18</subfield>
    <subfield code="y">BOOK</subfield>
  </datafield>
  <datafield tag="952" ind1=" " ind2=" ">
    <subfield code="0">0</subfield>
    <subfield code="1">0</subfield>
    <subfield code="2">ddc</subfield>
    <subfield code="4">0</subfield>
    <subfield code="7">0</subfield>
    <subfield code="a">SEACOMEC</subfield>
    <subfield code="b">SEACOMEC</subfield>
    <subfield code="d">2010-03-26</subfield>
    <subfield code="l">0</subfield>
    <subfield code="o">621.38275 S477</subfield>
    <subfield code="p">16305</subfield>
    <subfield code="r">2025-04-18 12:59:51</subfield>
    <subfield code="t">19</subfield>
    <subfield code="w">2025-04-18</subfield>
    <subfield code="y">BOOK</subfield>
  </datafield>
  <datafield tag="952" ind1=" " ind2=" ">
    <subfield code="0">0</subfield>
    <subfield code="1">0</subfield>
    <subfield code="2">ddc</subfield>
    <subfield code="4">0</subfield>
    <subfield code="7">0</subfield>
    <subfield code="a">SEACOMEC</subfield>
    <subfield code="b">SEACOMEC</subfield>
    <subfield code="d">2010-03-26</subfield>
    <subfield code="l">0</subfield>
    <subfield code="o">621.38275 S477</subfield>
    <subfield code="p">16306</subfield>
    <subfield code="r">2025-04-18 12:59:51</subfield>
    <subfield code="t">20</subfield>
    <subfield code="w">2025-04-18</subfield>
    <subfield code="y">BOOK</subfield>
  </datafield>
  <datafield tag="952" ind1=" " ind2=" ">
    <subfield code="0">0</subfield>
    <subfield code="1">0</subfield>
    <subfield code="2">ddc</subfield>
    <subfield code="4">0</subfield>
    <subfield code="7">0</subfield>
    <subfield code="a">SEACOMEC</subfield>
    <subfield code="b">SEACOMEC</subfield>
    <subfield code="d">2010-03-26</subfield>
    <subfield code="l">0</subfield>
    <subfield code="o">621.38275 S477</subfield>
    <subfield code="p">16307</subfield>
    <subfield code="r">2025-04-18 12:59:51</subfield>
    <subfield code="t">21</subfield>
    <subfield code="w">2025-04-18</subfield>
    <subfield code="y">BOOK</subfield>
  </datafield>
  <datafield tag="952" ind1=" " ind2=" ">
    <subfield code="0">0</subfield>
    <subfield code="1">0</subfield>
    <subfield code="2">ddc</subfield>
    <subfield code="4">0</subfield>
    <subfield code="7">0</subfield>
    <subfield code="a">SEACOMEC</subfield>
    <subfield code="b">SEACOMEC</subfield>
    <subfield code="d">2010-03-26</subfield>
    <subfield code="l">0</subfield>
    <subfield code="o">621.38275 S477</subfield>
    <subfield code="p">16308</subfield>
    <subfield code="r">2025-04-18 12:59:51</subfield>
    <subfield code="t">22</subfield>
    <subfield code="w">2025-04-18</subfield>
    <subfield code="y">BOOK</subfield>
  </datafield>
  <datafield tag="952" ind1=" " ind2=" ">
    <subfield code="0">0</subfield>
    <subfield code="1">0</subfield>
    <subfield code="2">ddc</subfield>
    <subfield code="4">0</subfield>
    <subfield code="7">0</subfield>
    <subfield code="a">SEACOMEC</subfield>
    <subfield code="b">SEACOMEC</subfield>
    <subfield code="d">2010-03-26</subfield>
    <subfield code="l">0</subfield>
    <subfield code="o">621.38275 S477</subfield>
    <subfield code="p">16309</subfield>
    <subfield code="r">2025-04-18 12:59:51</subfield>
    <subfield code="t">23</subfield>
    <subfield code="w">2025-04-18</subfield>
    <subfield code="y">BOOK</subfield>
  </datafield>
  <datafield tag="952" ind1=" " ind2=" ">
    <subfield code="0">0</subfield>
    <subfield code="1">0</subfield>
    <subfield code="2">ddc</subfield>
    <subfield code="4">0</subfield>
    <subfield code="7">0</subfield>
    <subfield code="a">SEACOMEC</subfield>
    <subfield code="b">SEACOMEC</subfield>
    <subfield code="d">2010-03-26</subfield>
    <subfield code="l">0</subfield>
    <subfield code="o">621.38275 S477</subfield>
    <subfield code="p">16310</subfield>
    <subfield code="r">2025-04-18 12:59:51</subfield>
    <subfield code="t">24</subfield>
    <subfield code="w">2025-04-18</subfield>
    <subfield code="y">BOOK</subfield>
  </datafield>
  <datafield tag="999" ind1=" " ind2=" ">
    <subfield code="c">2204</subfield>
    <subfield code="d">2204</subfield>
  </datafield>
</record>
